00644nam a2200193 a 450000100060000000300090000600800410001502000150005604000280007108200190009910000270011824500120014526000230015730000100018050501670019065000370035765000240039465000320041823035CO-ViMGA141112s2004 ck r 000 u spa d a9480464928 aCO-ViMGAbspacCO-ViMGA04aBr 863.3 B468c1 aBojunga Nuñez, Lygia10aLa cama aColombia : bNorma a154p. aLa cama en los recuerdos, La cama en una foto vieja, La cama en el cerro, La cama en el estudio, La cama en la idea fija, La cama en el caseron, La cama en espera14aCLASES SOCIALES - NOVELA JUVENIL14aNOVELA BRASILEÑA 14aNOVELA JUVENIL BRASILEÑA